| 000 | 01264cam a2200229 4500500 | ||
|---|---|---|---|
| 005 | 20260426012147.0 | ||
| 041 | _afre | ||
| 042 | _adc | ||
| 100 | 1 | 0 |
_aMolinier, Pierre _eauthor |
| 700 | 1 | 0 |
_aZaouche-Gaudron, Chantal _eauthor |
| 700 | 1 | 0 |
_aMillet, Emmanuelle _eauthor |
| 245 | 0 | 0 | _aDix films pour en parler |
| 260 | _c2009. | ||
| 500 | _a43 | ||
| 520 | _aRésuméLe niveau dramatique des violences conjugales en ce début de xxie siècle appelle des réponses appropriées que ne paraissent pas apporter les diverses campagnes de communication officielles. Le projet de Emmanuelle Millet, fédérant la créativité de dix cinéastes pour lutter par l’image contre ce fléau, offre une alternative forte par le contenu des films et leurs modes de diffusion diversifiés favorisés par leur gratuité.Cet article vise à comprendre les modalités psychiques et cognitives mobilisées pour mettre en œuvre une parole salvatrice de la part des victimes de ces violences. | ||
| 690 | _acommunication | ||
| 690 | _acréation filmique | ||
| 690 | _afigures | ||
| 690 | _avoir ensemble | ||
| 786 | 0 | _nEmpan | 73 | 1 | 2009-06-05 | p. 12-23 | 1152-3336 | |
| 856 | 4 | 1 | _uhttps://shs.cairn.info/revue-empan-2009-1-page-12?lang=fr&redirect-ssocas=7080 |
| 999 |
_c2223669 _d2223669 |
||